|
|
|
|
| LEADER |
00000nam0a2200000 4500 |
| 001 |
316490 |
| 005 |
20231102002900.0 |
| 035 |
|
|
|a (RuTPU)RU\TPU\book\341941
|
| 090 |
|
|
|a 316490
|
| 100 |
|
|
|a 20160323d1971 k y0rusy50 ca
|
| 101 |
0 |
|
|a rus
|
| 102 |
|
|
|a RU
|
| 105 |
|
|
|a y z 001zy
|
| 200 |
1 |
|
|a Первобытная мифология и философия: предыстория философии
|f М. И. Шахнович
|g Академия наук СССР (АН СССР)
|
| 210 |
|
|
|a Ленинград
|c Наука
|d 1971
|
| 215 |
|
|
|a 240 с.
|c ил.
|
| 320 |
|
|
|a Библиогр.: с. 232-234.
|
| 320 |
|
|
|a Указатель имен: с. 235-239.
|
| 606 |
1 |
|
|a Философия
|x История
|2 stltpush
|3 (RuTPU)RU\TPU\subj\63881
|9 80813
|
| 606 |
1 |
|
|a Мифы
|x Философия
|2 stltpush
|3 (RuTPU)RU\TPU\subj\44120
|9 63493
|
| 610 |
1 |
|
|a первобытное мышление
|
| 610 |
1 |
|
|a магия
|
| 610 |
1 |
|
|a материализм
|
| 610 |
1 |
|
|a астрономы
|
| 610 |
1 |
|
|a неверие
|
| 610 |
1 |
|
|a народ
|
| 610 |
1 |
|
|a мудрость
|
| 610 |
1 |
|
|a теокосмогония
|
| 610 |
1 |
|
|a происхождение
|
| 610 |
1 |
|
|a хаос
|
| 610 |
1 |
|
|a огонь
|
| 686 |
|
|
|a Ю3
|v LBC/SL-A
|2 rubbk
|
| 686 |
|
|
|a Э31
|v LBC/SL-A
|2 rubbk
|
| 700 |
|
1 |
|a Шахнович
|b М. И.
|g Михаил Иосифович
|
| 712 |
0 |
2 |
|a Академия наук СССР (АН СССР)
|c (1925-1991)
|2 stltpush
|3 (RuTPU)RU\TPU\col\722
|
| 801 |
|
1 |
|a RU
|b 63413507
|c 20160323
|
| 801 |
|
2 |
|a RU
|b 63413507
|c 20160324
|g RCR
|
| 942 |
|
|
|c BK
|